00421cam a2200145Ia 4500020001500000020004200015040000800057082002600065245005600091260004100147300003700188500001900225650001200244700001900256 a0675131162 a0675131170 (teacher's wraparound ed.) cIIB a512 GLE 1992 A035 Or.00aMerrill algebra 1 :bapplications and connections / aLake Forest, Ill. :bGlencoe,cc1992 axv, 711 p. :bcol. ill. ;c26 cm aIncludes index 0aAlgebra1 aFoster, Alan G